Central Library and Information Centre
Sibsagar Girls' College, Sivasagar : Assam

POETICAL WORKS OF WORDSWORTH (Record no. 1014)

MARC details
000 -LEADER
fixed length control field 00479cam a2200193ua 4500
008 - FIXED-LENGTH DATA ELEMENTS--GENERAL INFORMATION
fixed length control field 161021n1965 II |||gr||||Z||||||eng
040 ## - CATALOGING SOURCE
Original cataloging agency MAIN
041 ## - LANGUAGE CODE
-- English
082 ## - DEWEY DECIMAL CLASSIFICATION NUMBER
Classification number 821 THO
100 ## - MAIN ENTRY--PERSONAL NAME
Personal name THOMAS , HUTCHISON.
245 ## - TITLE STATEMENT
Title POETICAL WORKS OF WORDSWORTH
250 ## - EDITION STATEMENT
Edition statement 1st--1965.
260 ## - PUBLICATION, DISTRIBUTION, ETC.
Place of publication, distribution, etc. NEW DELHI
Name of publisher, distributor, etc. OXFORD UNIVERSITY PRESS
Date of publication, distribution, etc. 1965
300 ## - PHYSICAL DESCRIPTION
Extent 778:
Dimensions 18CM.
700 ## - ADDED ENTRY--PERSONAL NAME
Personal name THOMAS , HUTCHISON.,
Relator term AUTHOR.
942 ## - ADDED ENTRY ELEMENTS (KOHA)
Koha item type Books
653 ## - INDEX TERM--UNCONTROLLED
Uncontrolled term English poetry
Holdings
Withdrawn status Lost status Damaged status Not for loan Collection code Home library Current library Shelving location Date acquired Full call number Barcode Date last seen Copy number Price effective from Koha item type Public note
        REFENG Central Library and Information Centre Sibsagar Girls College Central Library and Information Centre Sibsagar Girls College ENGLISH REFERENCE RACK 07.04.1968 821 THO 01106 27.02.2020 1 27.02.2020 Books V


Sibsagar Girl's College © 2020. All rights reserved.
Powered by Koha.
Maintained by Abhijit Borpuzari.